"MEDICKO" : a medicine reminder mobile application / (Record no. 3282)

MARC details
000 -LEADER
fixed length control field 02723nam a22003017a 4500
003 - CONTROL NUMBER IDENTIFIER
control field OSt
005 - DATE AND TIME OF LATEST TRANSACTION
control field 20240513031042.0
008 - FIXED-LENGTH DATA ELEMENTS--GENERAL INFORMATION
fixed length control field 240506b ||||| |||| 00| 0 eng d
040 ## - CATALOGING SOURCE
Language of cataloging English.
Transcribing agency CvSU-CCAT Campus Library.
Description conventions rda.
050 ## - LIBRARY OF CONGRESS CALL NUMBER
Classification number UM QA 76.76
Item number Ca37 2018
100 ## - MAIN ENTRY--PERSONAL NAME
Personal name Castanos, Marvin M., author.
9 (RLIN) 11984
245 ## - TITLE STATEMENT
Title "MEDICKO" : a medicine reminder mobile application /
Statement of responsibility, etc. Marvin M. Castanos, April Rose I. Perez, and Althea Dianne R. Regio.
260 ## - PUBLICATION, DISTRIBUTION, ETC.
Place of publication, distribution, etc. Rosario, Cavite :
Name of publisher, distributor, etc. Cavite State University-CCAT Campus,
Date of publication, distribution, etc. 2018.
300 ## - PHYSICAL DESCRIPTION
Extent xi, 137 leaves :
Other physical details illustrations ;
Dimensions 28 cm
500 ## - GENERAL NOTE
General note A Capstone Project (BSInfotech) -- Cavite State University-CCAT Campus, 2018.
504 ## - BIBLIOGRAPHY, ETC. NOTE
Bibliography, etc. note Includes bibliographical references and appendices.
520 ## - SUMMARY, ETC.
Thesis Abstract <a href="PEREZ, APRIL ROSE L, CASTAÑOS, MARVIN M. AND REGIO, ALTHEA DIANNE R. "Medicko: A Medicine Reminder Mobile Application. Capstone Project Bachelor of Science in Information Technology Cavite State University-CCAT Campus. Rosario, Cavite. May 2018. Adviser Prof Christopher G. Estonilo.<br/><br/>The study was conducted from August 2017 to March 2018 at Cavite State University-CCAT Campus to develop a medicine reminder mobile application called Medicko Specifically, the study aimed to: 1) design the medicine reminder mobile application using android studio development tool, 2) test and evaluate application using modified ISO-EIC 25010 software evaluation instrument; and 3) install the application into mobile phones with android operating system<br/><br/>The developers used the object oriented analysis methodology particularly the interactive model to develop the application where the planning phase, analysis phase, and design phase performed continuously to design the initial version of the application The application was evaluated by five (5) IT experts, ten (10) general end-users outside the campus, nineteen students of Bachelor Science Information Technology and one (1) campus nurse. The results of the evaluation application showed a total average of 3.61 which described as very satisfactory for the mobile developer respondents. On the other hand, for the end-users, it gained a total average of 4.41 which also described as very satisfactory descriptive interpretation.">PEREZ, APRIL ROSE L, CASTAÑOS, MARVIN M. AND REGIO, ALTHEA DIANNE R. "Medicko: A Medicine Reminder Mobile Application. Capstone Project Bachelor of Science in Information Technology Cavite State University-CCAT Campus. Rosario, Cavite. May 2018. Adviser Prof Christopher G. Estonilo.<br/><br/>The study was conducted from August 2017 to March 2018 at Cavite State University-CCAT Campus to develop a medicine reminder mobile application called Medicko Specifically, the study aimed to: 1) design the medicine reminder mobile application using android studio development tool, 2) test and evaluate application using modified ISO-EIC 25010 software evaluation instrument; and 3) install the application into mobile phones with android operating system<br/><br/>The developers used the object oriented analysis methodology particularly the interactive model to develop the application where the planning phase, analysis phase, and design phase performed continuously to design the initial version of the application The application was evaluated by five (5) IT experts, ten (10) general end-users outside the campus, nineteen students of Bachelor Science Information Technology and one (1) campus nurse. The results of the evaluation application showed a total average of 3.61 which described as very satisfactory for the mobile developer respondents. On the other hand, for the end-users, it gained a total average of 4.41 which also described as very satisfactory descriptive interpretation.</a>
546 ## - LANGUAGE NOTE
Language note In English text.
650 ## - SUBJECT ADDED ENTRY--TOPICAL TERM
Topical term or geographic name entry element Mobile apps.
9 (RLIN) 257
650 ## - SUBJECT ADDED ENTRY--TOPICAL TERM
Topical term or geographic name entry element Web application.
9 (RLIN) 9098
650 ## - SUBJECT ADDED ENTRY--TOPICAL TERM
Topical term or geographic name entry element Medicines.
9 (RLIN) 12709
700 ## - ADDED ENTRY--PERSONAL NAME
Personal name Perez, April Rose I., author.
9 (RLIN) 11985
700 ## - ADDED ENTRY--PERSONAL NAME
Personal name Regio, Althea Dianne R., author.
9 (RLIN) 11986
700 ## - ADDED ENTRY--PERSONAL NAME
Personal name Estonilo, Christopher G., adviser.
9 (RLIN) 11699
700 ## - ADDED ENTRY--PERSONAL NAME
Personal name Ramos, Dann Patrick G., technical critic.
9 (RLIN) 11806
942 ## - ADDED ENTRY ELEMENTS (KOHA)
Source of classification or shelving scheme Library of Congress Classification
Koha item type Thesis/Manuscripts/Dissertations
Call number prefix UM
Classification part QA 76.76 Ca37 2018
Holdings
Withdrawn status Lost status Source of classification or shelving scheme Damaged status Not for loan Collection code Home library Current library Shelving location Date acquired Coded location qualifier Full call number Barcode Date last seen Copy number Price effective from Koha item type
    Library of Congress Classification     Thesis/Manuscript/Dissertation Cavite State University - CCAT Campus Cavite State University - CCAT Campus TH 10/17/2018 UM UM QA 76.76 Ca37 2018 T0004265 10/24/2025 1 05/06/2024 Thesis/Manuscripts/Dissertations